LEADER 00884nam a2200205 i 4500 001 000000053054 003 CaOOAMICUS 005 20130412000000.0 008 130412s1895 xx u000 u lat u 013 $a24226 040 $aSeMil$bita 100 1 $aArndt, Augustin .$0(OLS)http://semarc/name/13530 245 13$aDe libris prohibitis commentarii /$cauctore Augustino Arndt. 260 $aRatisbonae [etc.] :$bSumptibus et typis Friderici Pustet,$c1895. 300 $aVI, 316 p. ;$c25 cm. 650 4$aCensura libraria - Indice dei libri proibiti.$0(OLS)http://semarc/subject/436 850 $aSeMil 852 $aSeMil$W1$xVenegono$y1$m2H III 72 FA$j19208$B19208$CSeMilBibl$Z2$F19210 $8I 996 $6245$aDe libris prohibitis commentarii$9(OLS)http://semarc/title/81627 996 $6260$aRatisbonae [etc.] :$bSumptibus et typis Friderici Pustet$9(OLS)http://semarc/publisher/41532